1067 1128 1493 1448 1775 1186 1981 1684 1181 1121 1041 1042 1226 1432 1349 1285 1698 1864 1624 1748 1322 1714 1781 1675 1090 1188 1263 1942 1896 1799 1331 1662 1497 1220 1838 1520 1902 1462 1631 1645 1934 1853 1064 1685 1168 1204 1568 1529 1392 1185 1717 1389 1940 1301 1988 1291 1780 1117 1939 1805 1287 1607 1876 1919 1885 1497 1810 1219 1736 1319 1467 1645 1755 1091 1566 1801 1905 1707 1544 1047 1731 1028 1429 1289 1768 1890 1219 1482 1297 1668 1469 1716 1877 1153 1049 1848 1745 1321 1124 BCNSPRNW ULIB Ver.6.0+V

เปลี่ยนเป็นภาษาไทย

Change to English
 แสดงรายละเอียดบรรณานุกรม
  กลับหน้าหลัก

Brief Record : Get Marc (ISO 2709) : E-mail record : QR code < ปิดหน้าต่าง
LEADER : 00000nam 2200000uu 4500
001    13399112072
003     ULIB
008    110627s2552||||th 000 0 tha d
060  4 WY18.5^bอ336ค 2552
100 0  อรพินธุ์ เพียรรุ่งเรือง
245 00 ความสัมพันธ์ระหว่างคะแนนสอบ และร้อยละการสอบผ่านการสอบความรู้เพื่อขึ้นทะเบียนและรับใบอนุญาตเป็นผู้ประกอบวิชาชีพการพยาบาล และคะแนนสอบข้อสอบมาตรฐานของวิทยาลัยในสังกัดพระบรมราชชนกกับคะแนนประเมินคุณภาพของสำนักรับรองมาตรฐานและประเมินคุณภาพการศึกษา ปีการศึกษา/^cอรพินธุ์ เพียรรุ่งเรือง
260    พิษณุโลก :^bวิทยาลัยการสาธารณสุขสิริธร จังหวัดพิษณุโลก,^c2552
300    72 หน้า
650  7 วิทยาลัยการสาธารณสุขสิริธร จังหวัดพิษณุโลก
650  7 การสอบ^xรับใบอนุญาตเป็นผู้ประกอบวิชาชีพพยาบาล^xวิจัย
945    ^p0^l0^i027799
995    ทศพร
999 ^a ใช้งานได้ทุกระบบ
รายการนี้ยังไม่มีแท็ก
คุณยังไม่ได้ล็อกอิน คุณสามารถมีกิจกรรมร่วมกับเว็บไซต์ได้ แต่ต้องล็อกอินก่อน ::
  ล็อกอิน

รายการสื่อสารสนเทศ

ลำดับที่ ประเภท เลขเรียก/บาร์โค้ด สถานที่ สถานะ
- ไม่พบข้อมูล -

รายการใกล้เคียง
    ผู้แต่ง [อรพินธุ์ เพียรรุ่งเรือง]

BibComment


ยังไม่เคยถูกคอมเมนท์

คอมเมนท์ทรัพยากรรายการนี้
  คอมเมนท์: ความสัมพันธ์ระหว่..


 Copyright 2026. Bcnsprnw @Library